Statistics for Countries Depeche Mode have toured

Click here to take the quiz!

General Stats

  • This quiz has been taken 60 times
  • The average score is 42 of 51

Answer Stats

ContinentCountry% Correct
North AmericaCanada
100%
North AmericaUnited States
100%
South AmericaBrazil
98%
AsiaChina (Hong Kong)
98%
AsiaJapan
98%
North AmericaMexico
98%
EuropeIreland
96%
EuropeItaly
96%
EuropePortugal
96%
EuropeSpain
96%
EuropeSweden
96%
EuropeUnited Kingdom
96%
EuropeGermany
94%
EuropeRussia
94%
South AmericaArgentina
92%
OceaniaAustralia
92%
EuropeBelgium
92%
EuropePoland
92%
South AmericaChile
90%
EuropeFrance
90%
EuropeNetherlands
90%
EuropeNorway
90%
AfricaSouth Africa
90%
EuropeHungary
88%
EuropeSlovakia
88%
EuropeGreece
86%
EuropeSlovenia
86%
EuropeDenmark
84%
EuropeFinland
84%
EuropeEstonia
82%
EuropeLatvia
82%
EuropeCzech Republic
80%
EuropeUkraine
80%
EuropeAustria
78%
South AmericaPeru
78%
EuropeRomania
78%
EuropeCroatia
76%
EuropeLithuania
76%
EuropeSwitzerland
76%
South AmericaColombia
75%
AsiaIsrael
75%
EuropeSerbia
75%
AsiaTurkey
75%
AsiaThailand
73%
EuropeBulgaria
71%
EuropeBelarus
67%
AsiaSingapore
61%
EuropeLuxembourg
59%
AsiaUnited Arab Emirates
47%
AsiaPhilippines
45%
North AmericaCosta Rica
35%

Score Distribution

Percentile by Number Answered

Percent of People with Each Score

Your Score History

You have not taken this quiz